Statistics for NBA Stats Leaders by Year

Click here to take the quiz!

General Stats

  • This quiz has been taken 4,765 times
    (3,265 since last reset)
  • The average score is 48 of 108

Answer Stats

Player% Correct
James Harden
97%
LeBron James
97%
Michael Jordan
96%
Jerry West
96%
Russell Westbrook
94%
DeAndre Jordan
94%
Stephen Curry
93%
Kobe Bryant
91%
Shaquille O'Neal
90%
Kevin Durant
90%
Wilt Chamberlain
88%
Magic Johnson
84%
Chris Paul
84%
Hakeem Olajuwon
81%
John Stockton
80%
Bill Russell
79%
Kareem Abdul-Jabbar
79%
Allen Iverson
78%
Steve Nash
78%
Andre Drummond
77%
Moses Malone
77%
Dwyane Wade
75%
George Johnson
75%
Scottie Pippen
74%
David Robinson
73%
Truck Robinson
72%
Dwight Howard
71%
Dennis Rodman
71%
Jason Kidd
69%
Kevin Garnett
68%
Carmelo Anthony
66%
Baron Davis
64%
Anthony Davis
64%
Kawhi Leonard
63%
Dikembe Mutombo
62%
Tracy McGrady
61%
Bob Cousy
61%
Oscar Robertson
61%
Alvin Robertson
60%
Charles Barkley
57%
Bob Pettit
57%
Isiah Thomas
57%
Paul George
55%
Rajon Rondo
52%
Gerald Wallace
51%
Draymond Green
51%
Rickey Green
51%
Ben Wallace
51%
Gary Payton
50%
George Mikan
47%
George Gervin
47%
Lenny Wilkens
43%
Dominique Wilkins
43%
Hassan Whiteside
43%
M.L. Carr
39%
Andre Miller
38%
Wes Unseld
37%
Kevin Love
37%
Bill Walton
37%
Myles Turner
37%
Elvin Hayes
36%
Bob McAdoo
36%
Alonzo Mourning
36%
Alex English
35%
Mark Eaton
34%
Manute Bol
34%
Elmore Smith
33%
Rick Barry
32%
Pete Maravich
32%
Serge Ibaka
30%
Mark Jackson
30%
Eddie Jones
30%
Bernard King
26%
Adrian Dantley
25%
Chris Webber
24%
Bill Laimbeer
22%
Tiny Archibald
22%
Marcus Camby
21%
Dolph Schayes
20%
Paul Arizin
19%
Shawn Bradley
18%
Victor Oladipo
14%
Kevin Porter
13%
Rod Strickland
11%
Andrew Bogut
10%
Neil Johnston
10%
Tree Rollins
10%
Michael Ray Richardson
10%
Mookie Blaylock
9%
Andrei Kirilenko
8%
Theo Ratliff
7%
George Yardley
6%
Ron Lee
5%
Kendall Gill
4%
Guy Rodgers
4%
Michael Cage
4%
Larry Hughes
4%
Johnny Moore
4%
Maurice Stokes
4%
Slick Watts
4%
Andy Phillip
4%
Swen Nater
3%
Nate McMillan
3%
Ernie DiGregorio
3%
Harry Gallatin
3%
Don Buse
3%
Norm Van Lier
3%
Larry Steele
2%

Score Distribution

Percentile by Number Answered

Percent of People with Each Score

Your Score History

You have not taken this quiz since the last reset